Barnyard Math with Farmer Fred / (Record no. 4050)

MARC details
000 -LEADER
fixed length control field 00856nam a22002777a 4500
001 - CONTROL NUMBER
control field 4050
003 - CONTROL NUMBER IDENTIFIER
control field FISKH
005 - DATE AND TIME OF LATEST TRANSACTION
control field 20240604084234.0
008 - FIXED-LENGTH DATA ELEMENTS--GENERAL INFORMATION
fixed length control field 240604b cb ||||| |||| 00| 0 eng d
020 ## - INTERNATIONAL STANDARD BOOK NUMBER
International Standard Book Number 9781574713732
040 ## - CATALOGING SOURCE
Original cataloging agency FISKH
Language of cataloging eng
Transcribing agency FISKH
Modifying agency FISKH
082 ## - DEWEY DECIMAL CLASSIFICATION NUMBER
Classification number 510
100 ## - MAIN ENTRY--PERSONAL NAME
Personal name Hill, Sandi
Relator term author
245 ## - TITLE STATEMENT
Title Barnyard Math with Farmer Fred /
Statement of responsibility, etc. Written by Sandi Hill : Illustrated by Joy Allen
260 ## - PUBLICATION, DISTRIBUTION, ETC.
Place of publication, distribution, etc. Cypress :
Name of publisher, distributor, etc. Creative Teaching Press , Inc ;
Date of publication, distribution, etc. 1998
300 ## - PHYSICAL DESCRIPTION
Extent 16 pages :
Other physical details color illustrations ;
Dimensions 17 cm .
490 ## - SERIES STATEMENT
Series statement Farmer Fred
505 ## - FORMATTED CONTENTS NOTE
Formatted contents note D <br/>
520 ## - SUMMARY, ETC.
Summary, etc. Farmer Fred planted the vegetables for selling at the market .
521 8# - TARGET AUDIENCE NOTE
Target audience note 160 <br/>
Source Lexile estimate <br/>
521 8# - TARGET AUDIENCE NOTE
Target audience note D <br/>
Source Raz-Plus <br/>
650 ## - SUBJECT ADDED ENTRY--TOPICAL TERM
Topical term or geographic name entry element Math
Form subdivision Fiction
700 ## - ADDED ENTRY--PERSONAL NAME
Personal name Allen, Joy
Relator term illustrator
942 ## - ADDED ENTRY ELEMENTS (KOHA)
Source of classification or shelving scheme Dewey Decimal Classification
Koha item type Books
Suppress in OPAC No
Holdings
Withdrawn status Lost status Source of classification or shelving scheme Damaged status Not for loan Collection Home library Current library Shelving location Date acquired Total Checkouts Full call number Barcode Date last seen Price effective from Koha item type
    Dewey Decimal Classification     Juvenile Fiction Footprints International School Library Network Toul Kork Campus Footprints International School Library Network Toul Kork Campus   06/04/2024   HIL 510 FISTK01879 06/04/2024 06/04/2024 Books